|
|
|
|
| LEADER |
00000nam0a2200000 4500 |
| 001 |
237973 |
| 005 |
20231101231556.0 |
| 020 |
|
|
|a RU
|b 86-12159
|
| 035 |
|
|
|a (RuTPU)RU\TPU\book\259154
|
| 090 |
|
|
|a 237973
|
| 100 |
|
|
|a 20130520d1986 m y0rusy5003 ca
|
| 101 |
0 |
|
|a rus
|
| 102 |
|
|
|a UA
|
| 105 |
|
|
|a y z 001zy
|
| 200 |
1 |
|
|a Мистика в православии
|f В. П. Еременко
|
| 210 |
|
|
|a Киев
|c Вища школа
|d 1986
|
| 215 |
|
|
|a 81 с.
|d 16 см
|
| 225 |
1 |
|
|a Атеистическая библиотечка студента
|
| 606 |
1 |
|
|a Православие
|2 stltpush
|3 (RuTPU)RU\TPU\subj\51082
|9 69693
|
| 606 |
1 |
|
|a Мистика
|2 stltpush
|3 (RuTPU)RU\TPU\subj\44114
|9 63487
|
| 610 |
1 |
|
|a суеверия
|
| 610 |
1 |
|
|a предрассудки
|
| 610 |
1 |
|
|a атеистическое воспитание
|
| 610 |
1 |
|
|a христианство
|
| 686 |
|
|
|a Э372
|2 rubbk
|
| 686 |
|
|
|a Э4
|2 rubbk
|
| 700 |
|
1 |
|a Еременко
|b В. П.
|g Валентин Пименович
|4 070
|
| 801 |
|
0 |
|a RU
|b RuMRKP
|c 19950704
|g psbo
|
| 801 |
|
1 |
|a RU
|b 63413507
|c 20130520
|
| 801 |
|
2 |
|a RU
|b 63413507
|c 20130528
|g RCR
|
| 942 |
|
|
|c BK
|